000 00345nam a22001457a 4500
999 _c330735
_d330735
003 NUST
005 20180424045730.0
008 170802b xxu||||| |||| 00| 0 eng d
040 _cNUST
082 _a954.9105
245 _aPakistan Nation, Nationalism and the State
260 _aLahore
_bVanguard
_c2005
300 _a352p
942 _2ddc
_cBK